Production and operations management : A problem - Solving and decision - Making approach
Salvato in:
| Autore principale: | |
|---|---|
| Natura: | Libro |
| Lingua: | Undetermined |
| Pubblicazione: |
Illinois
The Dryden Press
1982
|
| Soggetti: | |
| Tags: |
Aggiungi Tag
Nessun Tag, puoi essere il primo ad aggiungerne! !
|
| Thư viện lưu trữ: | Trung tâm Học liệu Trường Đại học Cần Thơ |
|---|
| LEADER | 00549nam a2200181Ia 4500 | ||
|---|---|---|---|
| 001 | CTU_79127 | ||
| 008 | 210402s9999 xx 000 0 und d | ||
| 082 | |a 658.5 | ||
| 082 | |b G144 | ||
| 100 | |a Gaither, Norman | ||
| 245 | 0 | |a Production and operations management : | |
| 245 | 2 | |b A problem - Solving and decision - Making approach | |
| 245 | 0 | |c Norman Gaither | |
| 260 | |a Illinois | ||
| 260 | |b The Dryden Press | ||
| 260 | |c 1982 | ||
| 650 | |a Production planning,Production management | ||
| 980 | |a Trung tâm Học liệu Trường Đại học Cần Thơ | ||